| 000 | 00431nam a22001337a 4500 | ||
|---|---|---|---|
| 999 |
_c17830 _d17830 |
||
| 008 | 190712b xxu||||| |||| 00| 0 eng d | ||
| 020 | _a9966255265 | ||
| 050 |
_aQC903.2 _b.G56 2007 c.1 |
||
| 245 |
_aGlobal Change Processes and impacts in Africa _bA Synthesis _cLuanne Otter, Daniel, O. Olago and Isabelle Niang |
||
| 260 |
_aNairobi _bEAEP _c2007 |
||
| 300 | _axxiii, 346p. | ||
| 650 |
_aClimatic Changes _vAfrica |
||
| 942 |
_2lcc _cBK |
||